00884nam a2200253 a 450000100060000000300080000600500170001400800410003102000150007203500190008704000270010604100080013308200260014110000280016724501150019526000370031030000350034750000200038265000300040270000300043294200120046299900170047495201390049161265BD-RjUL20211209080936.0170116s1984 enka b 001 0 eng  a0070503788 a(BD-RjUL)61389 aDLCcDLCdBD-RjULbeng aeng00a658.542223bPOM 19841 aPolk, Edward J.918272910aMethods analysis and work measurement /cEdward J. Polk ; with contributions by John J. Mariotti ... [et al.]. aNew York :bMcGraw-Hill,cc1984. aviii, 294 p. :bill. ;c25 cm. aIncludes index. 0aWork measurement.91813041 aMariotti, John J.9182731 2ddccBK c61265d61265 00102ddc40718NFICaRUCLbRUCLcReadingd1990-09-05eAsia foundationl0o658.542 POM 1984r2017-01-16 00:00:00tC-1w2017-01-16yBK